TPM in Process Industries /

Gorde:
Xehetasun bibliografikoak
Egile nagusia: Suzuki, Tokutaro (ed.)
Formatua: Liburua
Hizkuntza:ingelesa
Argitaratua: Portland, EUA : Productivity, 1994, c1994
Gaiak:
Etiketak: Etiketa erantsi
Etiketarik gabe, Izan zaitez lehena erregistro honi etiketa jartzen!

MARC

LEADER 00000nam^a2200000^a^4500
001 000136574
005 20250521000000.0
009 20260310095322.905
020 |a 1-56327-036-6 
037 |a Acervo ITESO - Biblioteca 
041 |a ING 
082 |a 658. 202  |b SUZ 
100 |a Suzuki, Tokutaro  |e (ed.) 
240 1 1 |a [TPM en industrias de proceso] 
245 1 0 |a TPM in Process Industries /  |c Ed. y pref. de T. Suzuki ; notas de Norman Bodek, Connie Dyer ; tr. por John Loftus. 
264 4 |a Portland, EUA :  |b Productivity,  |c 1994, c1994 
300 |a XVI, 391 p. 
336 |a texto  |b txt  |2 rdacontenido 
337 |a sin mediación  |b n  |2 rdamedio 
338 |a volumen  |b nc  |2 rdasoporte 
500 |a Traducción de: Sochi Kogyo no TPM 
649 |a XX 
650 |a Industria -  |x Equipo y Aparatos 
650 |a TPM (Total Productive Maintenance) -  |x Tema Principal 
650 |a Mantenimiento Industrial 
650 |a Control de Calidad 
650 |a Proceso de Producción 
650 |a Seguridad Industrial 
650 |a Eficiencia (Economía) 
650 |a Ingeniería Industrial 
650 |a Administración 
650 |a Ciencias Administrativas 
910 |a Fondo General 
920 |a Impresos - Libros 
930 |a Colección General 
905 |a 101 
901 |a 0500065834  |b IT1  |c ACC  |u 20250521 
902 |a https://opac.biblio.iteso.mx/vufind/Record/000136574